书目信息 |
| 题名: |
观赏乔木
|
|
| 作者: | 徐晔春 , 吴棣飞 编著 | |
| 分册: | 1 | |
| 出版信息: | 北京 中国电力出版社 2013.1 |
|
| 页数: | 218页 | |
| 开本: | 26cm | |
| 丛书名: | 园林植物图鉴丛书 | |
| 单 册: | ||
| 中图分类: | S687-64 , S68-64 | |
| 科图分类: | ||
| 主题词: | 园林树木--乔木--图集 | |
| 电子资源: | ||
| ISBN: | 978-7-5123-3146-4 | |
| 000 | 01001nam0 2200289 45 | |
| 001 | 1355440905 | |
| 005 | 20130513150500.95 | |
| 010 | @a978-7-5123-3146-4@dCNY65.00 | |
| 100 | @a20130108d2013 em y0chiy0121 ea | |
| 101 | 0 | @achi |
| 102 | @aCN@b110000 | |
| 105 | @ay z 000yy | |
| 106 | @ar | |
| 200 | 1 | @a观赏乔木@AGuan Shang Qiao Mu@h1@f徐晔春,吴棣飞编著@FXu Ye Chun, Wu Di Fei Bian Zhu |
| 205 | @a2版 | |
| 210 | @a北京@c中国电力出版社@d2013.1 | |
| 215 | @a218页@d26cm | |
| 225 | 2 | @a园林植物图鉴丛书 |
| 330 | @a本书是“园林植物图鉴丛书”中的一本。书中详细介绍了观赏乔木等不同植物的学名(拉丁名)、科属、形态特征、产地习性、栽培要点、园林应用等。每一种植物都辅以清晰的叶、花、植株形态以及植物应用的图片。 | |
| 461 | 0 | @12001 @a园林植物图鉴丛书 |
| 606 | 0 | @a园林树木@x乔木@j图集 |
| 690 | @aS687-64@v5 | |
| 690 | @aS68-64@v4 | |
| 701 | 0 | @a徐晔春@AXu Ye Chun@4编著 |
| 701 | 0 | @a吴棣飞@AWu Di Fei@4编著 |
| 801 | @aCN@bTANGWEI@c20130111 | |
| 905 | @b0831424-26@dS68-64@e249:1=2@f3 | |
| 观赏乔木.1/徐晔春,吴棣飞编著.-2版.-北京:中国电力出版社,2013.1 |
| 218页;26cm.-(园林植物图鉴丛书) |
| ISBN 978-7-5123-3146-4:CNY65.00 |
| 本书是“园林植物图鉴丛书”中的一本。书中详细介绍了观赏乔木等不同植物的学名(拉丁名)、科属、形态特征、产地习性、栽培要点、园林应用等。每一种植物都辅以清晰的叶、花、植株形态以及植物应用的图片。 |
| ● |
| 相关链接 |
|
|
|
|
正题名:观赏乔木
索取号:S68-64/249:1=2
 
预约/预借
| 序号 | 登录号 | 条形码 | 馆藏地/架位号 | 状态 | 备注 |
| 1 | 0831424 | 208314242 | 第二样本阅览室/ [索取号:S68-64/249:1=2] | 在馆 | |
| 2 | 0831425 | 208314251 | 第三借阅区/ [索取号:S68-64/249:1=2] | 在馆 | |
| 3 | 0831426 | 208314260 | 第三借阅区/ [索取号:S68-64/249:1=2] | 在馆 |